Bi-polar (Record no. 1585)
[ view plain ]
| 000 -LEADER | |
|---|---|
| campo de control de longitud fija | 00916nam a2200157 4500 |
| 008 - DATOS DE LONGITUD FIJA--INFORMACIÓN GENERAL | |
| campo de control de longitud fija | 708 F841b |
| 020 ## - NÚMERO INTERNACIONAL ESTÁNDAR DEL LIBRO | |
| Número Internacional Estándar del Libro | 0477065376 |
| 082 ## - NÚMERO DE LA CLASIFICACIÓN DECIMAL DEWEY | |
| Número de clasificación | 708 |
| Número de ítem | F841b |
| 100 ## - ENTRADA PRINCIPAL--NOMBRE DE PERSONA | |
| Nombre de persona | Fraser, Jacqueline; Robinson, Peter |
| 9 (RLIN) | 6601 |
| 245 ## - MENCIÓN DEL TÍTULO | |
| Título | Bi-polar |
| 260 ## - PUBLICACIÓN, DISTRIBUCIÓN, ETC. | |
| Lugar de publicación, distribución, etc. | Wellington |
| Nombre del editor, distribuidor, etc. | Creative New Zealand Toi Aotearoa |
| Fecha de publicación, distribución, etc. | 2001 |
| 300 ## - DESCRIPCIÓN FÍSICA | |
| Extensión | 64 p. |
| Otras características físicas | ill (col) |
| Dimensiones | 27.5 x 20 cm |
| 505 ## - NOTA DE CONTENIDO CON FORMATO | |
| Título | Acknowlegements |
| -- | Foreword |
| Mención de responsabilidad | Jenny Gibbs |
| Título | Bi-polar: Divine comedy and A demure portrait of the artist strip searched |
| Mención de responsabilidad | Gregory Burke |
| Título | A demure portrait of the artist strip searched "with 11 details of bi-polar disorder" |
| Mención de responsabilidad | Jacqueline Fraser |
| Título | Divine comedy |
| Mención de responsabilidad | Peter Robinson |
| Título | Knots and veils: creases in the social fabric |
| Mención de responsabilidad | Ewen McDonald |
| Título | Au contraire |
| Mención de responsabilidad | Anna Miles |
| Título | Biographies |
| 650 ## - PUNTO DE ACCESO ADICIONAL DE MATERIA--TÉRMINO DE MATERIA | |
| Subdivisión general | arte contemporáneo |
| -- | arte - exhibiciones |
| -- | arte - catálogo de exhibición |
| -- | 49th bienal - Venecia - 2001 |
| -- | Nueva Zelanda |
| 9 (RLIN) | 6602 |
| 700 ## - ENTRADA AGREGADA--NOMBRE PERSONAL | |
| Nombre de persona | Burke, Gregory (curaduría); Gibbs, Jenny |
| 9 (RLIN) | 6603 |
| Estatus retirado | Estado de pérdida | Fuente del sistema de clasificación o colocación | Estado de daño | No para préstamo | Biblioteca de origen | Biblioteca actual | Ubicación en estantería | Fecha de adquisición | Total de préstamos | Signatura topográfica completa | Código de barras | Visto por última vez | Precio de reemplazo | Tipo de ítem Koha |
|---|---|---|---|---|---|---|---|---|---|---|---|---|---|---|
| Clasificación Decimal Dewey | Biblioteca LadoV | Biblioteca LadoV | 16/08/2018 | 708 F841b | 001284 | 16/08/2018 | 16/08/2018 | Material 01 |
